Library of the University of Algiers 3
Ibrahim Sultan Cheibout
شعار جامعة الجزائر 3
مكتبة جامعة الجزائر 3
إبراهيم سلطان شيبوط

المدخل الى علم القانون : (رقم التسجيلة. 45608)

تفاصيل مارك
000 -LEADER
fixed length control field 01109nam a2200241Ia 4500
003 - CONTROL NUMBER IDENTIFIER
control field Ost
005 - DATE AND TIME OF LATEST TRANSACTION
control field 20260507075651.0
008 - FIXED-LENGTH DATA ELEMENTS--GENERAL INFORMATION
fixed length control field 260507s9999||||xx |||||||||||||| ||und||
040 ## - CATALOGING SOURCE
Transcribing agency fsecg
041 ## - LANGUAGE CODE
Language code of text/sound track or separate title ara
082 ## - DEWEY DECIMAL CLASSIFICATION NUMBER
Classification number 340.0154
100 ## - MAIN ENTRY--PERSONAL NAME
Personal name الصراف، عباس
Relator term مؤلف
245 #0 - TITLE STATEMENT
Title المدخل الى علم القانون :
Remainder of title نظرية القانون- نظرية الحق /
Statement of responsibility, etc. عباس الصراف
260 ## - PUBLICATION, DISTRIBUTION, ETC.
Place of publication, distribution, etc. عمان:
Name of publisher, distributor, etc. دار الثقافة للنشر والتوزيع,
Date of publication, distribution, etc. 2005
300 ## - PHYSICAL DESCRIPTION
Extent 294 صفحة؛
Other physical details إيضاحات ؛
Dimensions 24 سم
504 ## - BIBLIOGRAPHY, ETC. NOTE
Bibliography, etc. note المراجع ص.280
520 ## - SUMMARY, ETC.
Summary, etc. المجتمع الإنساني والقانون- مصادر القانون ونطاق تطبيقه في الزمان والمكان- تعريف الحق وأنواع الحقوق- أركان الحق- مصادر الحقوق والإلتزمات المالية- اثبات الحق- استعمال الحق.
653 ## - INDEX TERM--UNCONTROLLED
Uncontrolled term القانون
653 ## - INDEX TERM--UNCONTROLLED
Uncontrolled term نظريات القانون
653 ## - INDEX TERM--UNCONTROLLED
Uncontrolled term نظرية الحق
700 ## - ADDED ENTRY--PERSONAL NAME
Personal name حزبون، جورج
Relator term مؤلف ثانوي
942 ## - ADDED ENTRY ELEMENTS (KOHA)
Koha item type كتب

لا توجد مواد متاحة.

موارد الويب المفتوحة


© University of Algiers 3 All Rights Reserved
|
Implemented by LECHELAH Riad